000 00739nam a2200253Ia 4500
003 OSt
005 20220927110513.0
006 a|||||r|||| 00| 0
007 ta
008 220926b |||||||| |||| 00| 0 eng d
024 _a84405
037 _cReports
040 _aRTL
_cRTL
_beng
041 _2eng
_aeng
082 _a"X9(D66EM):531.2.N63t, K4"
110 _aIndia Tariff (Commission)
245 0 _aReport on the protection to the electric motor ind
260 _aDelhi
_bManager of Publications India
_c1964
300 _a"viii, 81p."
_ccm.
650 _aElectrical
700 _aIndia Tariff (Commission)
942 _h"X9(D66EM):531.2.N63t, K4"
_cCC
999 _c697074
_d697074